| 000 | 00000nam##2200000za#4500 |
| 001 | 9.601821 |
| 003 | CaOODSP |
| 005 | 20210624210246 |
| 007 | cr ||||||||||| |
| 008 | 150406|2003||||xxc|||||o f|0| 0 fre|d |
| 040 | |aCaOODSP|bfre |
| 043 | |an-cn--- |
| 086 | 1 |aYC34-0/372-3F-PDF |
| 110 | 1 |aCanada. |bParlement. |bSénat. |bComité sénatorial permanent des langues officielles. |
| 245 | 10|aTroisième rapport |h[ressource électronique] |
| 246 | 3 |aLe Comité sénatorial permanent des Langues officielles a l'honneur de déposer son troisième rapport |
| 260 | |aOttawa - Ontario : |bSénat. |cMercredi le 28 mai 2003. |
| 300 | |a5p. |
| 490 | 1 |aRapport du Comité sénatorial permanent des langues officielles |v[37e législature, 2e session], 3e rapport |
| 590 | |a11-12-Supp|b2011-07-29 |
| 775 | 08|tThird report |w(CaOODSP)9.571189 |
| 830 | #0|aRapport du Comité sénatorial permanent des langues officielles ;|v[37e législature, 2e session], 3e rapport|w(CaOODSP)9.501658 |
| 856 | 40|ahttp://publications.gc.ca|qPDF|s371 Ko|uhttps://publications.gc.ca/collections/collection_2011/sen/yc34-0/YC34-0-372-3-fra.pdf|y[37e législature, 2e session], 3e rapport |